[Event "4NCL-9899B WIT-BIG2"]
[Site "Rd3-Birmingham"]
[Date "1998.11.21"]
[Round "3.3"]
[White "Cooksey, Paul"]
[Black "Hadzimanolis, Antonis"]
[Result "1-0"]
[WhiteElo "2220"]
[BlackElo "2190"]
[PlyCount "77"]
[EventDate "1998.11.21"]

1. d4 Nf6 2. c4 c5 3. d5 b5 4. Nf3 Bb7 5. g3 g6 6. Bg2 Bg7 7. O-O d6 8. Nfd2
Nbd7 9. Nc3 b4 10. Nce4 O-O 11. Qc2 Qc7 12. h3 e6 13. Nxf6+ Nxf6 14. e4 exd5
15. cxd5 Nd7 16. Nc4 Ne5 17. Nxe5 Bxe5 18. Be3 c4 19. Rfd1 Rfc8 20. Bd4 Bxd4
21. Rxd4 Qc5 22. Rad1 a5 23. Qc1 c3 24. bxc3 bxc3 25. Qe3 Ba6 26. Rc1 Rab8 27.
e5 dxe5 28. Qxe5 c2 29. Re4 Bd3 30. Ree1 Rb1 31. Qf4 Qc3 32. Qe3 Qb4 33. Kh2
Rxc1 34. Rxc1 Qa3 35. h4 Qb2 36. d6 Bf5 37. Qd2 Qe5 38. Bh3 Bxh3 39. Kxh3 1-0

[Event "4NCL-9899B WIT-BIG2"]
[Site "Rd3-Birmingham"]
[Date "1998.11.21"]
[Round "3.4"]
[White "Dighton, Simon"]
[Black "Headlong, Tim"]
[Result "1/2-1/2"]
[WhiteElo "2235"]
[BlackElo "2270"]
[PlyCount "47"]
[EventDate "1998.11.21"]

1. e4 c5 2. c3 d5 3. exd5 Qxd5 4. d4 Nf6 5. Nf3 Nc6 6. dxc5 Qxc5 7. Be3 Qd5 8.
Na3 a6 9. Be2 g6 10. O-O Qxd1 11. Rfxd1 Bg7 12. Nc4 Be6 13. Nd4 Bxc4 14. Bxc4
Ne5 15. Be2 O-O 16. Bf4 Nfd7 17. Bxe5 Nxe5 18. f4 Nc6 19. Nxc6 bxc6 20. Rd7 Bf6
21. Rad1 Rfb8 22. R1d2 Rb6 23. Bf3 Rab8 24. Rd8+ 1/2-1/2

[Event "4NCL-9899B WIT-BIG2"]
[Site "Rd3-Birmingham"]
[Date "1998.11.21"]
[Round "3.5"]
[White "Hackett, David"]
[Black "Thomas, Nick"]
[Result "1/2-1/2"]
[WhiteElo "2220"]
[BlackElo "2225"]
[PlyCount "55"]
[EventDate "1998.11.21"]

1. e4 e6 2. d4 d5 3. e5 c5 4. c3 Qb6 5. Nf3 Nc6 6. Bd3 cxd4 7. cxd4 Bd7 8. O-O
Nxd4 9. Nxd4 Qxd4 10. Nc3 a6 11. Qe2 Ne7 12. Kh1 Nc6 13. f4 Bc5 14. Rd1 Qf2 15.
Qg4 g6 16. Rf1 Qd4 17. Qh3 Nb4 18. Bb1 Bb6 19. a3 Nc6 20. Ne2 Qc4 21. Bd3 Qb3
22. Bd2 Nd4 23. Nc1 Qa4 24. Bb4 Rc8 25. Qh6 Bc5 26. Qg7 Rf8 27. Bc3 Bb5 28.
Qxh7 1/2-1/2

[Event "4NCL-9899B WIT-BIG2"]
[Site "Rd3-Birmingham"]
[Date "1998.11.21"]
[Round "3.6"]
[White "Taylor, Peter P"]
[Black "Haydon, Richard"]
[Result "0-1"]
[WhiteElo "2150"]
[BlackElo "2200"]
[PlyCount "82"]
[EventDate "1998.11.21"]

1. d4 d6 2. e4 g6 3. Nc3 Bg7 4. Nf3 Nf6 5. Be2 O-O 6. O-O Bg4 7. Be3 Nc6 8. Qd2
e5 9. dxe5 dxe5 10. Rad1 Qc8 11. Qc1 Rd8 12. Rxd8+ Nxd8 13. h3 Bxf3 14. Bxf3 c6
15. Rd1 Ne6 16. Ne2 Qc7 17. a3 Bf8 18. b4 a5 19. Qb2 axb4 20. axb4 Ra4 21. Bd2
h5 22. h4 c5 23. c3 Qd8 24. Qb3 Qa8 25. Bg5 Nh7 26. bxc5 Nhxg5 27. hxg5 Bxc5
28. Qd5 Qa7 29. Qxe5 Bxf2+ 30. Kh2 Bb6 31. Rd7 Qa5 32. Rd5 Qa8 33. Rd7 Qc8 34.
Qb5 Bc7+ 35. e5 Ra5 36. Bxb7 Qb8 37. Qc6 Bxe5+ 38. g3 Bxg3+ 39. Nxg3 Ra2+ 40.
Kh3 Nf4+ 41. Kh4 Rh2# 0-1

[Event "4NCL-9899B WIT-BIG2"]
[Site "Rd3-Birmingham"]
[Date "1998.11.21"]
[Round "3.7"]
[White "Dickinson, Tim"]
[Black "Galloway, Iain"]
[Result "1-0"]
[WhiteElo "2155"]
[BlackElo "2135"]
[PlyCount "73"]
[EventDate "1998.11.21"]

1. e4 c5 2. Ne2 d6 3. c3 Nf6 4. f3 Nc6 5. d4 cxd4 6. cxd4 e5 7. d5 Nb8 8. Be3
Be7 9. g4 Nfd7 10. Qd2 h6 11. Ng3 Nb6 12. Na3 Bg5 13. Rc1 g6 14. Nb5 Na6 15. f4
exf4 16. Bxf4 Bxg4 17. Nxd6+ Qxd6 18. Bxd6 Bxd2+ 19. Kxd2 Rd8 20. Bb5+ Bd7 21.
Bxa6 bxa6 22. Rc5 Bb5 23. e5 Nc4+ 24. Rxc4 Bxc4 25. Ne4 f5 26. Nf6+ Kf7 27. b3
Rxd6 28. bxc4 Rxf6 29. exf6 Re8 30. d6 Re4 31. Kc3 Kxf6 32. Rd1 Re8 33. d7 Rd8
34. c5 Ke7 35. c6 f4 36. c7 Rxd7 37. Re1+ 1-0

[Event "4NCL-9899B WIT-BIG2"]
[Site "Rd3-Birmingham"]
[Date "1998.11.21"]
[Round "3.8"]
[White "Cast, Abigail"]
[Black "Smith, Lucy"]
[Result "1-0"]
[WhiteElo "2110"]
[BlackElo "1616"]
[PlyCount "87"]
[EventDate "1998.11.21"]

1. d4 d5 2. c4 e6 3. Nc3 Nf6 4. Bg5 Be7 5. cxd5 exd5 6. e3 c6 7. Bd3 h6 8. Bh4
Be6 9. Qc2 Nh5 10. Bxe7 Qxe7 11. Nf3 Nd7 12. O-O Bg4 13. Nd2 Nhf6 14. Rae1 O-O
15. f3 Be6 16. e4 Qb4 17. Ne2 Nb6 18. e5 Ne8 19. f4 Bg4 20. a3 Qa4 21. Qc3 c5
22. Qxc5 Rc8 23. Bh7+ Kxh7 24. Qxf8 Bxe2 25. Rxe2 Qxd4+ 26. Ref2 f6 27. e6 Qc5
28. Qxc5 Rxc5 29. Nb3 Rc7 30. Rc1 Re7 31. Nd4 f5 32. Nxf5 Rxe6 33. Kf1 Rf6 34.
Nd4 Nd6 35. g3 Ne4 36. Rfc2 Nc4 37. Ke2 a6 38. a4 Na5 39. b3 Rb6 40. Rb1 Rb4
41. Ke3 Nd6 42. Rc5 Ne4 43. Rxa5 Rb6 44. Rc1 1-0

[Event "4NCL-9899B BCCA-WIT"]
[Site "Rd4-Birmingham"]
[Date "1998.11.22"]
[Round "4.1"]
[White "Carleton, John"]
[Black "Hunt, Adam"]
[Result "0-1"]
[WhiteElo "2152"]
[BlackElo "2265"]
[PlyCount "90"]
[EventDate "1998.11.22"]

1. e4 c5 2. Nf3 d6 3. d4 cxd4 4. Nxd4 Nf6 5. Nc3 a6 6. Bg5 e6 7. f4 Qc7 8. Bxf6
gxf6 9. f5 Qc5 10. Be2 Nc6 11. Nb3 Qe3 12. Qd3 Qxd3 13. Bxd3 b5 14. O-O Ke7 15.
Ne2 Bh6 16. Nf4 Bb7 17. a4 b4 18. Rae1 Rac8 19. fxe6 fxe6 20. Bc4 Bxf4 21. Rxf4
Ne5 22. Bd3 d5 23. exd5 Bxd5 24. Nd4 Nxd3 25. cxd3 e5 26. Nf5+ Ke6 27. Rf2 Rhg8
28. Ne3 Bb3 29. d4 Bxa4 30. d5+ Ke7 31. Nf5+ Kd7 32. Ng3 Rgf8 33. Nh5 Ke7 34.
g4 Rc4 35. h3 Rc2 36. Rxc2 Bxc2 37. g5 Rg8 38. h4 fxg5 39. Rxe5+ Kd6 40. Re6+
Kxd5 41. Rxa6 gxh4+ 42. Kh2 Kc4 43. Nf4 Rg4 44. Rc6+ Kb3 45. Nd5 Be4 0-1

[Event "4NCL-9899B BCCA-WIT"]
[Site "Rd4-Birmingham"]
[Date "1998.11.22"]
[Round "4.2"]
[White "Devereaux, Maxim"]
[Black "Gough, Michael"]
[Result "1-0"]
[WhiteElo "2264"]
[BlackElo "2216"]
[PlyCount "181"]
[EventDate "1998.11.22"]

1. e4 e6 2. d4 d5 3. Nd2 Nc6 4. Ngf3 Nf6 5. e5 Nd7 6. c3 f6 7. exf6 Qxf6 8. Bb5
Bd6 9. O-O O-O 10. Nb3 a5 11. Bg5 Qg6 12. Bh4 e5 13. Bxc6 bxc6 14. dxe5 Nxe5
15. Nxe5 Bxe5 16. Bg3 Bxg3 17. hxg3 Bf5 18. Qd2 a4 19. Nc5 Qg4 20. b3 axb3 21.
axb3 Bg6 22. Qd1 Qf5 {(Draw offer)} 23. Qd4 Rxa1 24. Rxa1 Re8 25. Qd2 Qe5 26.
b4 Bh5 27. Nd3 Qf6 28. Re1 d4 29. Rxe8+ Bxe8 30. Qa2+ Kf8 31. cxd4 Qxd4 32. Qa3
Qd6 33. Qc3 Bg6 34. Nf4 Bf7 35. f3 Kg8 36. Kf2 g5 37. Ne2 Bd5 38. Nd4 Qf6 39.
Qe3 Kf7 40. g4 h6 41. Ne2 Bc4 42. Nc3 Be6 43. Ne4 Qb2+ 44. Qd2 Qe5 45. Qc3 Qxc3
46. Nxc3 Bc4 47. Ke3 Ke6 48. g3 Bf1 49. Ke4 Bg2 50. Nd1 Kf6 51. Ne3 Bh1 52. Nf5
h5 53. gxh5 g4 54. Nd4 Kg5 55. h6 Kxh6 56. Kf4 gxf3 57. Nxf3 Kg6 58. Nd4 Kf6
59. g4 Bd5 60. g5+ Kg6 61. Nf5 Bh1 62. Ne3 Kg7 63. Kf5 Bf3 64. Ng4 Bd1 65. Ne5
Bc2+ 66. Ke6 Ba4 67. Ke7 Bb5 68. Kd8 Ba4 69. Kxc7 Kh7 70. Kd6 Kg7 71. Ke6 Bb3+
72. Kf5 Bc2+ 73. Kf4 Ba4 74. Nf3 Kf7 75. Kf5 Bc2+ 76. Ke5 Bd1 77. Nh4 Bc2 78.
Nf5 Kg6 79. Nd4 Bd1 80. Kf4 Ba4 81. Nf3 Kf7 82. Ne5+ Kg7 83. Kf5 Bc2+ 84. Ke6
Bb3+ 85. Ke7 Ba4 86. g6 Bb5 87. Ke6 Ba4 88. Kf5 Bc2+ 89. Kf4 Kf6 90. Nxc6 Kxg6
91. b5 1-0

[Event "4NCL-9899B BCCA-WIT"]
[Site "Rd4-Birmingham"]
[Date "1998.11.22"]
[Round "4.3"]
[White "Waters, Clive"]
[Black "Cooksey, Paul"]
[Result "0-1"]
[WhiteElo "2160"]
[BlackElo "2220"]
[PlyCount "121"]
[EventDate "1998.11.22"]

1. d4 d5 2. Nf3 Nf6 3. c4 c6 4. e3 Bf5 5. cxd5 cxd5 6. Qb3 Qb6 7. Qxb6 axb6 8.
Nc3 e6 9. Bb5+ Nfd7 10. Bd2 Be7 11. Ne5 Ra5 12. Nxd5 exd5 13. Bxa5 bxa5 14. Rc1
O-O 15. Nxd7 Nxd7 16. Rc7 Bb4+ 17. Ke2 Nf6 18. Rhc1 Rb8 19. f3 Bd6 20. R7c3 h5
21. g3 g5 22. Bd3 Be6 23. e4 Bb4 24. R3c2 g4 25. e5 gxf3+ 26. Kxf3 Ng4 27. h3
Nh6 28. g4 hxg4+ 29. hxg4 Be7 30. Kf4 Kg7 31. Bf5 Bd8 32. Rh2 Bb6 33. Rch1 Ng8
34. Ke3 Re8 35. Rh8 Bxf5 36. gxf5 Rxe5+ 37. Kf4 Re4+ 38. Kf3 Bxd4 39. R8h7+ Kf6
40. Rh8 Ne7 41. R1h6+ Kxf5 42. Rb8 Re3+ 43. Kg2 Re2+ 44. Kh1 Re1+ 45. Kg2 Ng6
46. Rxb7 Nf4+ 47. Kh2 f6 48. Rhh7 Re2+ 49. Kh1 Bxb2 50. Rb5 Bc3 51. a4 Ke4 52.
Rb3 Be5 53. Rb1 d4 54. Rd7 d3 55. Rd1 Ke3 56. Rg7 Kf2 57. Rgg1 Ke3 58. Rg8 Bc3
59. Re8+ Kf2 60. Rf1+ Kxf1 61. Re3 0-1

[Event "4NCL-9899B BCCA-WIT"]
[Site "Rd4-Birmingham"]
[Date "1998.11.22"]
[Round "4.4"]
[White "Headlong, Tim"]
[Black "Tait, Jonathan"]
[Result "1-0"]
[WhiteElo "2270"]
[BlackElo "2185"]
[PlyCount "51"]
[EventDate "1998.11.22"]

1. Nf3 Nc6 2. e4 e5 3. Bc4 Nf6 4. d3 Bc5 5. O-O a6 6. c3 Ba7 7. Bb3 O-O 8. Re1
Ng4 9. Re2 Kh8 10. h3 Nh6 11. d4 Qe7 12. Nxe5 Nxe5 13. dxe5 Qxe5 14. Be3 Bxe3
15. Rxe3 d6 16. Nd2 Be6 17. Nf3 Qc5 18. Nd4 Rae8 19. Bxe6 fxe6 20. Qb3 Rf6 21.
Qxb7 e5 22. Nc2 Ref8 23. f3 a5 24. Rd1 Ng8 25. Rd5 Qc4 26. b3 1-0

[Event "4NCL-9899B BCCA-WIT"]
[Site "Rd4-Birmingham"]
[Date "1998.11.22"]
[Round "4.5"]
[White "Toothill, John"]
[Black "Hackett, David"]
[Result "1/2-1/2"]
[WhiteElo "2088"]
[BlackElo "2220"]
[PlyCount "84"]
[EventDate "1998.11.22"]

1. e4 e6 2. d4 d5 3. exd5 exd5 4. Bd3 Nc6 5. c3 Bd6 6. Nf3 Nge7 7. Qc2 Bg4 8.
Bg5 Bxf3 9. gxf3 Qd7 10. Nd2 h6 11. Be3 O-O-O 12. O-O-O f5 13. f4 Rdf8 14. Nf3
Ng6 15. Ne5 Bxe5 16. dxe5 Nge7 17. Rhg1 Rhg8 18. Bb5 a6 19. Ba4 Qe6 20. b4 g5
21. fxg5 f4 22. Bc5 b5 23. Bb3 hxg5 24. Rge1 Rd8 25. Qe2 Ng6 26. a4 Ncxe5 27.
axb5 f3 28. Qxf3 Nf4 29. Rxe5 Qxe5 30. bxa6 Rg6 31. b5 Rh6 32. Qe3 Re6 33. Qxe5
Rxe5 34. Be3 Kb8 35. Kb2 Ka8 36. Ka3 Ne6 37. b6 cxb6 38. Bxb6 Rd6 39. Ba5 Nf4
40. Kb4 Rxa6 41. Bc7 Re4+ 42. Kc5 Ra3 1/2-1/2

[Event "4NCL-9899B BCCA-WIT"]
[Site "Rd4-Birmingham"]
[Date "1998.11.22"]
[Round "4.6"]
[White "Haydon, Richard"]
[Black "Donnelly, MJ."]
[Result "1-0"]
[WhiteElo "2200"]
[BlackElo "2032"]
[PlyCount "119"]
[EventDate "1998.11.22"]

1. Nf3 g6 2. c4 Bg7 3. Nc3 c5 4. g3 Nc6 5. Bg2 Nf6 6. d4 cxd4 7. Nxd4 O-O 8.
O-O Nxd4 9. Qxd4 d6 10. Qd3 Be6 11. Bd2 Qd7 12. Rac1 Rac8 13. b3 Bh3 14. Be3
Bxg2 15. Kxg2 b6 16. f3 Qb7 17. Bd4 Rfd8 18. e4 Nd7 19. Bxg7 Kxg7 20. Nd5 Ne5
21. Qe3 f6 22. h4 e6 23. Nc3 Qe7 24. Rcd1 Nd7 25. f4 Nc5 26. Rd2 Rd7 27. Rfd1
Rcd8 28. b4 Na6 29. a3 Nc7 30. Qf3 Qf7 31. h5 gxh5 32. Rh1 Kh8 33. Rxh5 Rg8 34.
Rh3 Rg7 35. Qh5 Qxh5 36. Rxh5 Kg8 37. Rh1 Kf8 38. Rhd1 Ke7 39. c5 bxc5 40. bxc5
Ne8 41. Nb5 Rb7 42. cxd6+ Kd7 43. Nd4 Rb6 44. e5 fxe5 45. fxe5 Ra6 46. Rd3 Rb6
47. Nf3 Rb5 48. Rc3 Rb2+ 49. Rd2 Rb5 50. Rdc2 Rg4 51. Rc4 Rg6 52. Rb4 Rxb4 53.
axb4 Rg4 54. Ra2 Rxb4 55. Rxa7+ Kd8 56. Ng5 Rb2+ 57. Kh3 Nxd6 58. exd6 Re2 59.
d7 Ke7 60. Nf7 1-0

[Event "4NCL-9899B BCCA-WIT"]
[Site "Rd4-Birmingham"]
[Date "1998.11.22"]
[Round "4.7"]
[White "Hardman, Michael"]
[Black "Hannon, Mark"]
[Result "1/2-1/2"]
[WhiteElo "1928"]
[BlackElo "2032"]
[PlyCount "24"]
[EventDate "1998.11.22"]

1. d4 Nf6 2. Nf3 d5 3. g3 g6 4. c4 c6 5. Bg2 Bg7 6. O-O O-O 7. cxd5 cxd5 8. Nc3
Ne4 9. Qb3 Nxc3 10. Qxc3 Nc6 11. e3 Bf5 12. Nh4 Be6 1/2-1/2

[Event "4NCL-9899B BCCA-WIT"]
[Site "Rd4-Birmingham"]
[Date "1998.11.22"]
[Round "4.8"]
[White "Headlong, Fenella"]
[Black "Barnes, Lara"]
[Result "1/2-1/2"]
[WhiteElo "1832"]
[BlackElo "1608"]
[PlyCount "69"]
[EventDate "1998.11.22"]

1. e4 e6 2. d4 d5 3. e5 c5 4. c3 Nc6 5. Nf3 Bd7 6. Be2 Rc8 7. O-O Nge7 8. Bg5
Qb6 9. Qb3 Nf5 10. Qxb6 axb6 11. g4 Nfe7 12. Na3 h5 13. h3 hxg4 14. hxg4 Na7
15. Kg2 Bc6 16. Rh1 Rxh1 17. Rxh1 Kd7 18. Bd3 Ng8 19. Rh7 Ke8 20. Nh4 Ba4 21.
Rh8 Nh6 22. Kh3 Kd7 23. Rh7 Ng8 24. f4 cxd4 25. cxd4 Bxa3 26. bxa3 Rc3 27. Rxg7
Rxd3+ 28. Kg2 Ne7 29. Rxf7 Nac6 30. Ng6 Ke8 31. Rf8+ Kd7 {(Draw offer)} 32.
Nxe7 Nxd4 33. f5 exf5 34. gxf5 Rxa3 35. Nc8 1/2-1/2

[Event "4NCL-9899B BR2-SWD"]
[Site "Rd4-Birmingham"]
[Date "1998.11.22"]
[Round "4.1"]
[White "McFarland, Robert"]
[Black "Cooper, John"]
[Result "1-0"]
[WhiteElo "2240"]
[BlackElo "2350"]
[PlyCount "81"]
[EventDate "1998.11.22"]

1. Nf3 Nf6 2. g3 b6 3. Bg2 Bb7 4. O-O e6 5. c4 Be7 6. Nc3 O-O 7. Re1 d5 8. cxd5
Nxd5 9. Nxd5 Bxd5 10. e4 Bb7 11. d4 Nd7 12. b3 c5 13. Bb2 Nf6 14. Ne5 cxd4 15.
Bxd4 Rc8 16. Qd2 Bc5 17. Rad1 Bxd4 18. Qxd4 Qxd4 19. Rxd4 Rc2 20. Nd7 Rfc8 21.
Nxf6+ gxf6 22. Ra1 Rc1+ 23. Rd1 Rxa1 24. Rxa1 Rc2 25. f3 Kf8 26. Bf1 Ke7 27. b4
f5 28. exf5 Bxf3 29. fxe6 fxe6 30. a4 e5 31. a5 e4 32. axb6 axb6 33. h3 Kd6 34.
Re1 Kd5 35. b5 Kd4 36. g4 h6 37. h4 Bxg4 38. Bg2 Bf3 39. Bxf3 exf3 40. Re6 Kc5
41. Rc6+ 1-0

[Event "4NCL-9899B BR2-SWD"]
[Site "Rd4-Birmingham"]
[Date "1998.11.22"]
[Round "4.2"]
[White "Cobb, James"]
[Black "Jakubovics, Nick"]
[Result "1/2-1/2"]
[WhiteElo "2305"]
[BlackElo "2210"]
[PlyCount "65"]
[EventDate "1998.11.22"]

1. Nf3 d5 2. c4 e6 3. g3 Nf6 4. Bg2 c6 5. b3 Bd6 6. Bb2 O-O 7. O-O Nbd7 8. d4
Ne4 9. Nbd2 f5 10. Ne5 a5 11. Nxe4 fxe4 12. f3 Nxe5 13. dxe5 exf3 14. exf3 Bc5+
15. Kh1 b5 16. f4 bxc4 17. g4 Ra7 18. bxc4 Ba6 19. Rf3 Bxc4 20. f5 Raf7 21. f6
gxf6 22. exf6 Rxf6 23. Bxf6 Rxf6 24. Bf1 Bxf1 25. Qxf1 Rxf3 26. Qxf3 Qf8 27.
Qe2 e5 28. Rf1 Qd6 29. Qa6 d4 30. Qc8+ Kg7 31. Qb7+ Kh8 32. Qc8+ Kg7 33. Qb7+
1/2-1/2

[Event "4NCL-9899B BR2-SWD"]
[Site "Rd4-Birmingham"]
[Date "1998.11.22"]
[Round "4.3"]
[White "Buckley, Simon"]
[Black "Rayner, Francis"]
[Result "1/2-1/2"]
[WhiteElo "2120"]
[BlackElo "2235"]
[PlyCount "40"]
[EventDate "1998.11.22"]

1. e4 Nf6 2. e5 Nd5 3. d4 d6 4. c4 Nb6 5. exd6 exd6 6. Nc3 Be7 7. Nf3 O-O 8.
Be2 Bg4 9. b3 Re8 10. Be3 Bf6 11. Rc1 Nc6 12. O-O a5 13. h3 Bh5 14. Qd2 Bxf3
15. Bxf3 a4 16. c5 dxc5 17. dxc5 Bxc3 18. Rxc3 Qxd2 19. Bxd2 Nd7 20. b4 Nde5
1/2-1/2

[Event "4NCL-9899B BR2-SWD"]
[Site "Rd4-Birmingham"]
[Date "1998.11.22"]
[Round "4.4"]
[White "Zeidler, Sven"]
[Black "Player, Edmund"]
[Result "1-0"]
[WhiteElo "2225"]
[BlackElo "2110"]
[PlyCount "133"]
[EventDate "1998.11.22"]

1. e4 e6 2. d4 d5 3. exd5 exd5 4. Nf3 Nf6 5. Bg5 Be7 6. Bd3 O-O 7. O-O Bg4 8.
Nbd2 Nbd7 9. Re1 c5 10. c3 Re8 11. Qc2 h6 12. Bh4 Qb6 13. h3 Be6 14. Qb3 Qc7
15. Bg3 Bd6 16. Bxd6 Qxd6 17. Qa3 Qc7 18. dxc5 Nxc5 19. Bc2 b6 20. Qb4 Bd7 21.
Qd4 Bc6 22. Ne5 Bb7 23. Ng4 Nxg4 24. Qxg4 Re5 25. Nf3 Rxe1+ 26. Rxe1 Ne4 27.
Nd4 Qd6 28. Bxe4 dxe4 29. Qxg7+ Kxg7 30. Nf5+ Kg6 31. Nxd6 Bd5 32. c4 Rd8 33.
cxd5 Rxd6 34. Rxe4 Rxd5 35. Re2 Rd1+ 36. Kh2 Kf6 37. Kg3 Rd4 38. f3 a5 39. Kf2
Rd3 40. Ke1 Rd6 41. Rd2 Re6+ 42. Kd1 Kg5 43. Rd4 Kf5 44. Rc4 Rg6 45. g4+ Kg5
46. Ke2 Re6+ 47. Kf2 Kh4 48. b4 axb4 49. Rxb4 Rc6 50. Rb5 Rc2+ 51. Ke3 Kg3 52.
Rxb6 Rxa2 53. Ke4 Ra4+ 54. Ke5 Rf4 55. Rxh6 Rxf3 56. g5 Rf1 57. Rh7 Rf2 58. Kd6
Rf5 59. h4 Rf4 60. Ke7 Rxh4 61. Rxf7 Rg4 62. Kf6 Rf4+ 63. Kg7 Rg4 64. g6 Ra4
65. Kh7 Rh4+ 66. Kg8 Ra4 67. g7 1-0

[Event "4NCL-9899B BR2-SWD"]
[Site "Rd4-Birmingham"]
[Date "1998.11.22"]
[Round "4.5"]
[White "Easton, Alex"]
[Black "Richmond, Peter"]
[Result "1/2-1/2"]
[WhiteElo "2104"]
[BlackElo "2190"]
[PlyCount "51"]
[EventDate "1998.11.22"]

1. Nf3 e6 2. c4 d5 3. d4 c6 4. Qc2 Nf6 5. g3 Be7 6. Bg2 O-O 7. O-O b5 8. cxb5
cxb5 9. Bf4 Qb6 10. Rc1 Bb7 11. Qc7 Bd8 12. Qxb6 Bxb6 13. Nbd2 Nbd7 14. Bc7
Rfc8 {(Draw offer)} 15. Bxb6 Nxb6 16. Ne5 Nfd7 17. Nd3 Nc4 18. Nb3 Bc6 19. Rc2
a5 20. e3 b4 21. Nbc5 Nxc5 22. Nxc5 Bb5 23. Rac1 Nd6 24. Bf1 Bxf1 25. Kxf1 Kf8
26. Nd3 1/2-1/2

[Event "4NCL-9899B BR2-SWD"]
[Site "Rd4-Birmingham"]
[Date "1998.11.22"]
[Round "4.6"]
[White "Roberts, David L"]
[Black "Buckley, David"]
[Result "1/2-1/2"]
[WhiteElo "2195"]
[BlackElo "2110"]
[PlyCount "20"]
[EventDate "1998.11.22"]

1. e4 Nf6 2. e5 Nd5 3. d4 d6 4. Nf3 dxe5 5. Nxe5 Nd7 6. Nf3 e6 7. c4 N5f6 8.
Nc3 c5 9. Be2 cxd4 10. Nxd4 Bb4 1/2-1/2

[Event "4NCL-9899B BR2-SWD"]
[Site "Rd4-Birmingham"]
[Date "1998.11.22"]
[Round "4.7"]
[White "Dilleigh, Stephen"]
[Black "Richmond, Jane"]
[Result "1-0"]
[WhiteElo "2072"]
[BlackElo "2175"]
[PlyCount "51"]
[EventDate "1998.11.22"]

1. d4 Nf6 2. c4 e6 3. Nc3 Bb4 4. e3 O-O 5. Bd3 c5 6. Nf3 d6 7. O-O Bxc3 8. bxc3
Nc6 9. Qc2 e5 10. Ng5 h6 11. Ne4 Nxe4 12. Bxe4 Qc7 13. f4 exd4 14. cxd4 cxd4
15. exd4 Nxd4 16. Qd3 Nf5 17. Kh1 Qc5 18. Ba3 Qa5 19. Rab1 g6 20. g4 Ng7 21. f5
gxf5 22. gxf5 Re8 23. Rb5 Qd8 24. f6 Rxe4 25. Qxe4 Bd7 26. Qg2 1-0

[Event "4NCL-9899B BR2-SWD"]
[Site "Rd4-Birmingham"]
[Date "1998.11.22"]
[Round "4.8"]
[White "Blackburn, Jonathan"]
[Black "Tidman, Sophie"]
[Result "1/2-1/2"]
[WhiteElo "1840"]
[BlackElo "1768"]
[PlyCount "114"]
[EventDate "1998.11.22"]

1. d4 f5 2. c4 Nf6 3. Nc3 g6 4. g3 Bg7 5. Bg2 O-O 6. Nh3 d6 7. O-O c6 8. Bg5
Qc7 9. Qb3 Kh8 10. d5 e5 11. dxc6 Nxc6 12. Nb5 Qe7 13. Rfd1 h6 14. Be3 Rd8 15.
Qa3 Bf8 16. Nc3 Be6 17. Nd5 Qf7 18. Bg5 Bg7 19. Bxf6 Bxf6 20. Nxf6 Qxf6 21.
Bxc6 bxc6 22. Rxd6 Rxd6 23. Qxd6 f4 24. gxf4 Qf5 25. Qxe5+ Qxe5 26. fxe5 Bxh3
27. Rd1 Re8 28. f4 Rf8 29. e3 g5 30. Rd6 Kg7 31. Rd4 c5 32. Rd3 gxf4 33. exf4
Be6 34. Rg3+ Kh7 35. Rf3 Bxc4 36. b3 Be6 37. Kf1 Kg6 38. Ke1 Bd5 39. Rd3 Be6
40. Rd6 Kf5 41. Kd2 Rg8 42. Ke3 Rg2 43. Rd8 Rg7 44. Rf8+ Rf7 45. Rh8 Kg6 46.
Re8 Bd7 47. Ra8 Bf5 48. Rd8 Rd7 49. Rf8 {(Draw offer)} Rf7 50. Rd8 Kg7 51. Rd5
Rc7 52. Rd6 Bb1 53. Ra6 Rd7 54. Ra5 Rc7 55. Ra6 Rd7 56. Ra5 Rd3+ 57. Ke2 Rh3
1/2-1/2

[Event "4NCL-9899B COU-BIG2"]
[Site "Rd4-Birmingham"]
[Date "1998.11.22"]
[Round "4.1"]
[White "Pigott, John"]
[Black "Barnes, Michael"]
[Result "1/2-1/2"]
[WhiteElo "2370"]
[BlackElo "2245"]
[PlyCount "101"]
[EventDate "1998.11.22"]

1. d4 d5 2. c4 e6 3. Nc3 c6 4. Nf3 dxc4 5. Bg5 f6 6. Bf4 b5 7. a4 Bb4 8. e4 Bb7
9. Be2 Ne7 10. O-O a6 11. Qc2 O-O 12. b3 cxb3 13. Qxb3 Bxc3 14. Qxc3 Ng6 15.
Be3 Nd7 16. h4 e5 17. h5 Nf4 18. Bxf4 exf4 19. Nh4 f5 20. Nxf5 Nf6 21. Qf3 c5
22. d5 Nxd5 23. axb5 axb5 24. Bxb5 Rxa1 25. Rxa1 Nf6 26. Qxf4 Bxe4 27. Bc4+ Kh8
{(Draw offer)} 28. Nxg7 Qd4 29. Ra7 Qxc4 30. Nf5 Qd5 31. Ng3 Qd1+ 32. Nf1 Qxh5
33. Qd6 Rf7 34. Rxf7 Qxf7 35. Qxc5 Kg7 36. Ne3 Qd7 37. Qg5+ Kf7 38. Qh6 Qd2 39.
Qf4 Qc1+ 40. Kh2 Qc5 41. f3 Bg6 42. Ng4 Qc3 43. Kh3 Kg7 44. Qe5 Qxe5 45. Nxe5
Nd7 46. Nxd7 Bf5+ 47. g4 Bxd7 48. f4 Kf6 49. Kh4 Kg6 50. Kg3 Ba4 51. Kh4
1/2-1/2

[Event "4NCL-9899B COU-BIG2"]
[Site "Rd4-Birmingham"]
[Date "1998.11.22"]
[Round "4.2"]
[White "Mason, Don"]
[Black "Harley, Andrew"]
[Result "1/2-1/2"]
[WhiteElo "2295"]
[BlackElo "2305"]
[PlyCount "130"]
[EventDate "1998.11.22"]

1. c4 Nf6 2. g3 c5 3. Bg2 d5 4. Nf3 Nc6 5. O-O e5 6. cxd5 Nxd5 7. Nc3 Nc7 8. d3
Be7 9. Nd2 Bd7 10. Nc4 f6 11. f4 exf4 12. Rxf4 Ne6 13. Rf1 O-O 14. Nd5 Rc8 15.
e4 b5 16. Nce3 Ned4 17. Bd2 Bd6 18. Rc1 Be6 19. Nf5 Qd7 20. a4 Nxf5 21. exf5
Bxf5 22. Be3 Ne5 23. d4 cxd4 24. Qxd4 Rxc1 25. Rxc1 bxa4 26. Qxa7 Qxa7 27. Bxa7
Nd3 28. Rc6 Rc8 29. Rxc8+ Bxc8 30. Bd4 Bd7 31. Nb6 Bb5 32. Bf1 a3 33. bxa3 Bxa3
34. Nd5 Ba6 35. Nf4 {(Draw offer)} Nb4 36. Bxa6 Nxa6 37. Kf2 Bc5 38. Bxc5 Nxc5
39. Ke3 Kf7 40. h3 g5 41. Ne2 Ne6 42. g4 Kg6 43. Ke4 Ng7 44. Nd4 h5 45. Kf3 Ne8
46. Nf5 Nc7 47. Ng3 h4 48. Ne2 Nb5 49. Ke4 Nd6+ 50. Kd5 {(Draw offer)} Nf7 51.
Ke4 Ne5 52. Nd4 Nc4 53. Ne2 Nb2 54. Nd4 Nd1 55. Kf3 Nc3 56. Ne2 Nxe2 57. Kxe2
Kf7 58. Ke3 Ke7 59. Ke4 Ke6 60. Kd4 Kd6 61. Ke4 Ke7 62. Kf5 Kf7 63. Ke4 Kg6 64.
Ke3 f5 65. gxf5+ Kxf5 1/2-1/2

[Event "4NCL-9899B COU-BIG2"]
[Site "Rd4-Birmingham"]
[Date "1998.11.22"]
[Round "4.3"]
[White "Dunworth, Chris"]
[Black "Dighton, Simon"]
[Result "1-0"]
[WhiteElo "2305"]
[BlackElo "2235"]
[PlyCount "68"]
[EventDate "1998.11.22"]

1. d4 Nf6 2. Bg5 Ne4 3. Bf4 c5 4. f3 Qa5+ 5. c3 Nf6 6. d5 e6 7. e4 Qb6 8. b3
exd5 9. exd5 Bd6 10. Bg5 Be7 11. Bc4 O-O 12. Ne2 d6 13. O-O Nbd7 14. Bf4 Qc7
15. a4 Ne5 16. Na3 Bd7 17. Bb5 Rad8 18. Bxd7 Qxd7 19. c4 Ne8 20. Ng3 Ng6 21.
Bc1 f5 22. f4 Nf6 23. Qd3 Ne4 24. Bb2 Bh4 25. Nb5 Bxg3 26. hxg3 a6 27. Nc3 Rde8
28. Rae1 Nf6 29. Nd1 Ne4 30. Nf2 Nxf2 31. Kxf2 Rf7 32. Rxe8+ Qxe8 33. Re1 Re7
34. Qc3 Rxe1 1-0

[Event "4NCL-9899B COU-BIG2"]
[Site "Rd4-Birmingham"]
[Date "1998.11.22"]
[Round "4.4"]
[White "Regan, Natasha"]
[Black "Moore, Gerald"]
[Result "1-0"]
[WhiteElo "2160"]
[BlackElo "2210"]
[PlyCount "61"]
[EventDate "1998.11.22"]

1. e4 c5 2. d4 cxd4 3. c3 dxc3 4. Nxc3 Nc6 5. Nf3 e6 6. Bc4 a6 7. O-O Nge7 8.
Bg5 f6 9. Be3 b5 10. Bb3 Na5 11. Qe2 Nxb3 12. axb3 Bb7 13. Rad1 Nc6 14. Rd2 Bb4
15. Rfd1 Qe7 16. e5 fxe5 17. Bg5 Qf7 18. Rxd7 Qxd7 19. Rxd7 Kxd7 20. Nxe5+ Kc7
21. Nxc6 Bxc6 22. Qe5+ Bd6 23. Qxg7+ Kb6 24. Be3+ Bc5 25. Bf4 Rhc8 26. Qxh7 Ra7
27. Qh6 Rg8 28. g3 Re8 29. Be3 Bxe3 30. Qxe3+ Kb7 31. Ne4 1-0

[Event "4NCL-9899B COU-BIG2"]
[Site "Rd4-Birmingham"]
[Date "1998.11.22"]
[Round "4.5"]
[White "Rosen, Daniel"]
[Black "Evans, Raymond"]
[Result "0-1"]
[WhiteElo "2235"]
[BlackElo "2159"]
[PlyCount "36"]
[EventDate "1998.11.22"]

1. e4 e5 2. Nf3 Nc6 3. Bb5 a6 4. Bxc6 dxc6 5. O-O Qd6 6. d4 exd4 7. Nxd4 Bd7 8.
Nc3 O-O-O 9. Be3 Qg6 10. Qe2 Nh6 11. f3 Bd6 12. Kh1 f5 13. exf5 Nxf5 14. Nxf5
Bxf5 15. Rac1 Rhe8 16. Rfe1 Bf4 17. Qf2 Rxe3 18. Rxe3 Qh6 0-1